Normal view
MARC view
- تصنيف : الزهري، محمد بن مسلم بن عبيد الله ابن شهاب ؛ تحقيق وتقديم: سهيل زكار
Entry Personal Name
001 - CONTROL NUMBER
- control field: 7456
003 - CONTROL NUMBER IDENTIFIER
- control field: JO-AjAnu
005 - DATE AND TIME OF LATEST TRANSACTION
- control field: 20230606071515.0
008 - FIXED-LENGTH DATA ELEMENTS
- fixed length control field: 230606|| aca||aabn | a|a d
040 ## - CATALOGING SOURCE
- Original cataloging agency: JO-AjAnu
- Transcribing agency: JO-AjAnu
100 ## - HEADING--PERSONAL NAME
- Personal name: تصنيف : الزهري، محمد بن مسلم بن عبيد الله ابن شهاب ؛ تحقيق وتقديم: سهيل زكار
670 ## - SOURCE DATA FOUND
- Source citation: Work cat.: (JO-AjAnu)3856: تصنيف : الزهري، محمد بن مسلم بن عبيد الله ابن شهاب ؛ تحقيق وتقديم: سهيل زكار, author, المغازي النبوية